000
00340pab a2200145 454500
008
180718b2013 xxu||||| |||| 00| 0 eng d
100
_a
Seema Kumari
245
_a
Women empowerment - a political perspective
260
_c
2013
300
_a
p.39-44.
362
_a
Jul
650
_a
Women
773
_a
Third Concept
909
_a
114067
999
_c
114061
_d
114061